000 00323nam a22001457a 4500
020 _a81-7130-085-5
082 _a894.812.3
_bVAR/O
100 _aVARKEY,MUTTATHU
245 _aORU KUDAYUM KUNJUPENGALUM
250 _aFIRST
260 _aKOTTAYAM
_bMAMBAZHAM
_c1961
300 _a128
650 _aSTORY
_zKERALA
942 _cBK
999 _c1541
_d1541